Illinois, Indiana or Ohio? - Statistics

General Stats
  • This quiz has been taken 92 times
  • The average score is 12 of 15
Answer Stats
Question Answer % Correct
Which state is home to the United States' third largest city by population? Illinois
100%
Which state is home to Schaumburg, Joliet, Springfield, and Naperville? Illinois
100%
Which state is home to Fort Wayne, South Bend, Muncie, and Lafayette? Indiana
100%
Which state contains part of the Appalachian Mountains? Ohio
100%
Which state is home to Toledo, Cincinnati, Akron, and Cleveland? Ohio
100%
Which state's nickname is "the Hoosier State"? Indiana
98%
In 1995 the city of Dayton hosted negotiations for an end to hostilities between Bosnia-Herzegovina and Yugoslavia. In which state is Dayton located? Ohio
98%
Which state is bordered by the Mississippi River? Illinois
95%
Which state is home to the Rock and Roll Hall of Fame? Ohio
86%
The design of this state's capital city was inspired by that of Washington D.C. Its center is a circle, sparking the nickname "Circle City." Indiana
76%
Eight US presidents have come from this state. Ohio
76%
Which state is the setting for TV's "Stranger Things," "Eerie ______," and the movie "Close Encounters of the Third Kind"? Indiana
64%
Abraham Lincoln grew up in one of these states and started his career in another. Choose the state that is not part of his residential history. Ohio
64%
Which state grows the most corn? Illinois
60%
Two of these states are growing in population. Which state is not? Indiana
21%
No matching quizzes found
Score Distribution
Percent of People with Each Score
Percentile by Number Answered
Your Score History
You have not taken this quiz